000 00321nam a2200121Ia 4500
005 20251222143118.0
008 251222s9999||||xx |||||||||||||| ||spa||
082 _a362.1 W5
100 _aWei, Chang
245 0 _aEl servicio médico cooperativo es maravilloso
264 _bEdiciones en Lenguas Extranjeras
942 _cLIB
999 _c11442
_d11442